| 000 | 00370nam a22001337a 4500 | ||
|---|---|---|---|
| 020 | _a1563470098 | ||
| 040 | _cNust | ||
| 082 |
_a629.1 _bCRI |
||
| 100 |
_aJ.S PerzemiEniecki _9125028 |
||
| 245 | _aCritical technologies for national defense | ||
| 260 |
_aWashington: _bAIAA, _c1991. |
||
| 650 |
_aCritical technologies for national defense _9125029 |
||
| 942 |
_2ddc _cBK |
||
| 999 |
_c610790 _d610790 |
||